[Event "6th ch-EURw"]
[Site "Chisinau MDA"]
[Date "2005.06.17"]
[Round "7"]
[White "Doibani, L."]
[Black "Bayrak, A."]
[Result "0-1"]
[WhiteElo "2185"]
[BlackElo "1949"]
[PlyCount "101"]
[EventDate "2005.06.11"]

1. e4 e6 2. d4 d5 3. Nc3 Bb4 4. exd5 exd5 5. Bd3 Nf6 6. Nge2 c6 7. O-O Bd6 8.
Ng3 O-O 9. Nf5 Bxf5 10. Bxf5 Qc7 11. h3 Nbd7 12. Qf3 b5 13. Bg5 a5 14. Rfe1 a4
15. a3 Qb6 16. Bxd7 Nxd7 17. Qf5 Qc7 18. Re3 Nb6 19. Rae1 Nc4 20. R3e2 Nxb2 21.
Bf6 Bh2+ 22. Kh1 Qf4 23. Qxf4 Bxf4 24. Be7 Rfe8 25. g3 Bc7 26. Bc5 Rxe2 27.
Rxe2 Nc4 28. Re7 Rc8 29. Re2 Bb6 30. Bxb6 Nxb6 31. Re7 Nc4 32. Nb1 Kf8 33. Re2
Re8 34. Rxe8+ Kxe8 35. Kg2 Ke7 36. Kf3 Kd6 37. Ke2 f6 38. c3 Ke6 39. f3 Kf5 40.
Kd3 h5 41. Ke2 g5 42. g4+ hxg4 43. hxg4+ Ke6 44. Kd3 Kd6 45. Ke2 c5 46. Kd3 Kc6
47. Kc2 Kb7 48. Kd3 Kb6 49. Kc2 cxd4 50. cxd4 Ka5 51. Kc3 0-1

[Event "6th ch-EURw"]
[Site "Chisinau MDA"]
[Date "2005.06.18"]
[Round "8"]
[White "Andronic, I."]
[Black "Bayrak, A."]
[Result "1-0"]
[WhiteElo "2085"]
[BlackElo "1949"]
[PlyCount "89"]
[EventDate "2005.06.11"]

1. d4 d5 2. Nf3 Nf6 3. c4 c6 4. Nc3 dxc4 5. a4 Bf5 6. e3 e6 7. Bxc4 Bb4 8. Bd2
Nbd7 9. O-O Qa5 10. Na2 Bxd2 11. Nxd2 O-O 12. Nc3 Bg6 13. Be2 Nd5 14. Qb3 Qb6
15. Qa3 a5 16. Nxd5 cxd5 17. Bb5 Nb8 18. Rfc1 Na6 19. Rc3 Rac8 20. Rac1 Rxc3
21. Qxc3 h6 22. Nb3 Nb4 23. Qd2 Qa7 24. Rc7 Qb8 25. Qc3 b6 26. Nd2 Nd3 27. b3
Nb4 28. Nf3 f6 29. Bd7 Bf7 30. Bc8 Nd3 31. Qc6 Nb4 32. Qd7 g6 33. h3 Qa8 34.
Nh4 Kg7 35. Qxe6 Na6 36. Bxa6 Qxa6 37. Qxd5 Qe2 38. Qf3 Qe1+ 39. Kh2 Qb4 40.
Qg3 g5 41. Nf5+ Kg6 42. e4 Qe1 43. Qf3 h5 44. Kg3 g4 45. Qf4 1-0

[Event "6th ch-EURw"]
[Site "Chisinau MDA"]
[Date "2005.06.21"]
[Round "10"]
[White "Vasilieva, M."]
[Black "Bayrak, A."]
[Result "1/2-1/2"]
[WhiteElo "2124"]
[BlackElo "1949"]
[PlyCount "85"]
[EventDate "2005.06.11"]

1. d4 d5 2. c4 c6 3. e3 Nf6 4. Nc3 e6 5. Nf3 Nbd7 6. Qc2 Bd6 7. Bd3 a6 8. O-O
O-O 9. e4 dxe4 10. Nxe4 Nxe4 11. Bxe4 h6 12. Be3 Qc7 13. Qc1 Re8 14. c5 Bf8 15.
Bf4 e5 16. Nxe5 Nxe5 17. Bxe5 Qd8 18. Re1 Be6 19. Qe3 f6 20. Bg3 g5 21. Bd6
Bxd6 22. cxd6 Qxd6 23. Bg6 Bf7 24. Bxf7+ Kxf7 25. Qb3+ Kg6 26. Qxb7 Reb8 27.
Qe7 Qxe7 28. Rxe7 Rxb2 29. Rc7 Re8 30. Rxc6 Rxa2 31. Rf1 Rd8 32. Rc4 Rd2 33.
Ra4 Rd6 34. g3 R2xd4 35. Ra5 R4d5 36. Ra4 Rd1 37. Rxd1 Rxd1+ 38. Kg2 Rd6 39. h4
Re6 40. hxg5 hxg5 41. Ra5 Rb6 42. Kf3 Rb3+ 43. Kg2 1/2-1/2

[Event "6th ch-EURw"]
[Site "Chisinau MDA"]
[Date "2005.06.23"]
[Round "12"]
[White "Bayrak, A."]
[Black "Schuurman, P."]
[Result "0-1"]
[WhiteElo "1949"]
[BlackElo "2288"]
[PlyCount "140"]
[EventDate "2005.06.11"]

1. e4 c6 2. d4 d5 3. exd5 cxd5 4. c4 Nf6 5. Nc3 g6 6. Qb3 Bg7 7. cxd5 O-O 8.
Be2 Nbd7 9. Bf3 Nb6 10. Nge2 Bg4 11. Bxg4 Nxg4 12. Bf4 Nf6 13. d6 exd6 14. O-O
Re8 15. Rfe1 Nh5 16. Be3 d5 17. Rac1 Qd7 18. Qb5 Qe6 19. b3 h6 20. Qd3 a6 21.
Qd2 g5 22. Ng3 Nxg3 23. fxg3 Qd6 24. Bf2 Qb4 25. Nb1 Qd6 26. Qd3 Re6 27. Nd2
Qa3 28. Nf3 Rae8 29. Rxe6 Qxc1+ 30. Re1 Rxe1+ 31. Nxe1 Nd7 32. Qc2 Qxc2 33.
Nxc2 Nf6 34. Be1 Ne4 35. Kf1 Kf8 36. Ke2 Ke7 37. Ne3 Ke6 38. Kd3 f5 39. g4 fxg4
40. Nxg4 h5 41. Ne3 g4 42. Nf1 Bh6 43. h3 gxh3 44. gxh3 Bf4 45. Ke2 Ng5 46. h4
Ne4 47. Kf3 Kf5 48. a4 Bc1 49. Ba5 Bh6 50. Bb4 Ke6 51. Ba5 Bg7 52. Bb6 Bf6 53.
Ne3 Bxh4 54. Ng2 Bg5 55. Nf4+ Bxf4 56. Kxf4 Nd2 57. b4 Nc4 58. Bd8 Nb2 59. b5
Nxa4 60. bxa6 bxa6 61. Ba5 Nb2 62. Bc3 Nc4 63. Kg5 a5 64. Kxh5 Kf5 65. Kh4 Ke4
66. Kg3 Kd3 67. Ba1 a4 68. Kf4 a3 69. Kf5 Nd2 70. Ke5 Kc4 0-1

[Event "6th ch-EURw"]
[Site "Chisinau MDA"]
[Date "2005.06.11"]
[Round "1"]
[White "Malysheva, P."]
[Black "Cinar Corlulu, N."]
[Result "1-0"]
[WhiteElo "2301"]
[BlackElo "2037"]
[PlyCount "59"]
[EventDate "2005.06.11"]

1. e4 c5 2. Nf3 Nc6 3. Bb5 e6 4. O-O Nge7 5. c4 a6 6. Ba4 Nd4 7. Nxd4 cxd4 8.
d3 Nc6 9. f4 Be7 10. Nd2 O-O 11. Nf3 Bc5 12. Bd2 d5 13. cxd5 exd5 14. Qc1 Qd6
15. e5 Qe7 16. f5 Bxf5 17. Bg5 f6 18. exf6 gxf6 19. Re1 Be6 20. Bh6 Rfd8 21.
Bxc6 bxc6 22. Rxe6 Qxe6 23. Qxc5 Qf5 24. Nxd4 Qg6 25. Be3 Qxd3 26. Nxc6 Rd7 27.
Rf1 Re8 28. Bd4 Rg7 29. Qxd5+ Kh8 30. Nb4 1-0

[Event "6th ch-EURw"]
[Site "Chisinau MDA"]
[Date "2005.06.13"]
[Round "3"]
[White "Kalinina, L."]
[Black "Cinar Corlulu, N."]
[Result "0-1"]
[WhiteElo "2177"]
[BlackElo "2037"]
[PlyCount "87"]
[EventDate "2005.06.11"]

1. e4 c5 2. Nf3 Nc6 3. d4 cxd4 4. Nxd4 e5 5. Nb5 d6 6. N1c3 a6 7. Na3 b5 8. Nd5
Nf6 9. Bg5 Be7 10. Bxf6 Bxf6 11. c3 O-O 12. Nc2 Bg5 13. a4 bxa4 14. Rxa4 a5 15.
Bc4 Rb8 16. b3 Kh8 17. h4 Bh6 18. g4 Bf4 19. Qf3 Bd7 20. Ra1 Qc8 21. Rg1 a4 22.
Ncb4 Nxb4 23. cxb4 axb3 24. Qxb3 Bxg4 25. Nxf4 exf4 26. Bd5 Be6 27. Qb2 f6 28.
Rc1 Qd7 29. Bc6 Qe7 30. b5 Bd7 31. Bxd7 Qxd7 32. Qd2 Rxb5 33. Qxf4 Re5 34. f3
d5 35. Qg3 dxe4 36. f4 Re7 37. Rd1 Qf5 38. Rg2 e3 39. Re2 Qe4 40. Qh2 Qb4+ 41.
Kf1 Re4 42. Kg1 Rxf4 43. Rxe3 Rxh4 44. Qf2 0-1

[Event "6th ch-EURw"]
[Site "Chisinau MDA"]
[Date "2005.06.14"]
[Round "4"]
[White "Cinar Corlulu, N."]
[Black "Ionica, I."]
[Result "0-1"]
[WhiteElo "2037"]
[BlackElo "2245"]
[PlyCount "74"]
[EventDate "2005.06.11"]

1. e4 c5 2. Nf3 e6 3. d4 cxd4 4. Nxd4 Nf6 5. Nc3 d6 6. Be2 Be7 7. O-O O-O 8.
Be3 a6 9. Kh1 Nc6 10. f4 Bd7 11. Qe1 b5 12. a3 Qb8 13. Bf3 Nxd4 14. Bxd4 e5 15.
Be3 Bc6 16. Rd1 Re8 17. Nd5 Bxd5 18. exd5 Nd7 19. Qg3 Bf6 20. Bh5 e4 21. Bg4
Qc7 22. Bd4 Bxd4 23. Bxd7 Qxd7 24. Rxd4 f5 25. Qe3 Rac8 26. c3 Rc5 27. h3 Qf7
28. Rfd1 Qh5 29. Rg1 h6 30. g4 fxg4 31. Rxg4 Rxd5 32. Qg3 Re7 33. Rh4 Qf5 34.
Rxh6 Rxd4 35. cxd4 e3 36. Rxd6 e2 37. Rd8+ Kf7 0-1

[Event "6th ch-EURw"]
[Site "Chisinau MDA"]
[Date "2005.06.15"]
[Round "5"]
[White "Sarakauskiene, Z."]
[Black "Cinar Corlulu, N."]
[Result "1-0"]
[WhiteElo "2177"]
[BlackElo "2037"]
[PlyCount "79"]
[EventDate "2005.06.11"]

1. e4 c5 2. Nf3 Nc6 3. d4 cxd4 4. Nxd4 e5 5. Nb5 d6 6. a4 Be6 7. N1c3 a6 8. Na3
Nf6 9. Bc4 Be7 10. O-O O-O 11. Bg5 Rc8 12. Bxf6 Bxf6 13. Nd5 Bg5 14. c3 Ne7 15.
Nxe7+ Qxe7 16. Bd5 Rc5 17. c4 Bxd5 18. exd5 f5 19. b4 Rcc8 20. Qe2 Rf6 21. f4
Bh6 22. Rae1 Re8 23. a5 Qd7 24. Nc2 Rff8 25. fxe5 Rxe5 26. Qd3 Rfe8 27. Rxe5
Rxe5 28. g3 g6 29. Kg2 Qe7 30. Rf2 Be3 31. Re2 Ba7 32. Rd2 Re4 33. c5 dxc5 34.
d6 Qd7 35. Qd5+ Kf8 36. bxc5 Re8 37. Nd4 Qf7 38. Qxf7+ Kxf7 39. c6 Bxd4 40. d7
1-0

[Event "6th ch-EURw"]
[Site "Chisinau MDA"]
[Date "2005.06.16"]
[Round "6"]
[White "Cinar Corlulu, N."]
[Black "Vasilieva, M."]
[Result "1/2-1/2"]
[WhiteElo "2037"]
[BlackElo "2124"]
[PlyCount "89"]
[EventDate "2005.06.11"]

1. e4 c6 2. d4 d5 3. exd5 cxd5 4. c4 Nf6 5. Nc3 Nc6 6. Nf3 Bg4 7. cxd5 Nxd5 8.
Qb3 Nxc3 9. bxc3 Qb6 10. Be2 e6 11. Rb1 Qxb3 12. Rxb3 Na5 13. Bb5+ Kd8 14. Rb1
Bf5 15. Ra1 Bd6 16. O-O a6 17. Be2 Rc8 18. Bb2 Nc4 19. Bxc4 Rxc4 20. Nd2 Rc7
21. Rfe1 Bf4 22. Nf3 h5 23. Bc1 Bd6 24. Bd2 Ba3 25. c4 Kc8 26. Re3 Bb2 27. Rae1
Rxc4 28. Rb3 Bxd4 29. Nxd4 Rxd4 30. Rc1+ Kb8 31. Be3 Rd3 32. Bf4+ Ka8 33. Rb4
Rhd8 34. h3 Rd1+ 35. Rxd1 Rxd1+ 36. Kh2 Rd8 37. Rc4 f6 38. Rc7 g5 39. Be3 Bb1
40. a4 g4 41. hxg4 hxg4 42. Rf7 f5 43. Re7 Ba2 44. Kg3 Rc8 45. Kh4 1/2-1/2

[Event "6th ch-EURw"]
[Site "Chisinau MDA"]
[Date "2005.06.17"]
[Round "7"]
[White "Ankerst, Mil"]
[Black "Cinar Corlulu, N."]
[Result "0-1"]
[WhiteElo "2124"]
[BlackElo "2037"]
[PlyCount "102"]
[EventDate "2005.06.11"]

1. e4 c5 2. Nf3 Nc6 3. Bb5 g6 4. Bxc6 dxc6 5. h3 Bg7 6. O-O e5 7. d3 b6 8. Re1
f6 9. Be3 Nh6 10. Nbd2 Be6 11. b3 Nf7 12. Nf1 O-O 13. Qe2 f5 14. exf5 gxf5 15.
Rad1 Qe7 16. Bd2 Rae8 17. Ng3 Bc8 18. Nh2 Qe6 19. Nh5 Bh8 20. f4 Qg6 21. Qf3 e4
22. dxe4 fxe4 23. Qg3 Nd6 24. Ng4 Nf5 25. Nhf6+ Bxf6 26. Nxf6+ Rxf6 27. Qxg6+
Rxg6 28. Kf2 Rge6 29. Be3 h5 30. g4 Nxe3 31. Kxe3 hxg4 32. hxg4 Rh6 33. f5 Rh3+
34. Kf4 Rf3+ 35. Kg5 Kf7 36. Rd6 Rg8+ 37. Rg6 e3 38. Rxg8 Kxg8 39. Kf6 Kf8 40.
Rh1 Ke8 41. Rh7 a5 42. c4 b5 43. Re7+ Kd8 44. Re4 Bd7 45. Kf7 Bxf5 46. gxf5
Rxf5+ 47. Ke6 Rf8 48. Kd6 Re8 49. Rxe3 Rxe3 50. Kxc6 bxc4 51. bxc4 Ra3 0-1

[Event "6th ch-EURw"]
[Site "Chisinau MDA"]
[Date "2005.06.18"]
[Round "8"]
[White "Alexanian, N."]
[Black "Cinar Corlulu, N."]
[Result "1-0"]
[WhiteElo "2211"]
[BlackElo "2037"]
[PlyCount "61"]
[EventDate "2005.06.11"]

1. d4 Nf6 2. c4 c5 3. d5 b5 4. a4 b4 5. Nd2 d6 6. f4 g6 7. e4 Bg7 8. Bd3 O-O 9.
Ngf3 e6 10. O-O exd5 11. cxd5 a5 12. Nc4 Ra7 13. Qb3 Re7 14. e5 dxe5 15. d6 Ra7
16. fxe5 Ng4 17. Bg5 Qe8 18. Be7 Nc6 19. Bxf8 Kxf8 20. Rae1 Be6 21. h3 Ngxe5
22. Nfxe5 Nxe5 23. Qc2 Nxd3 24. Qxd3 Kg8 25. Nb6 Bd4+ 26. Kh1 Qc6 27. Rxe6 fxe6
28. d7 Rxd7 29. Nxd7 Qxd7 30. Qa6 Bxb2 31. Qa8+ 1-0

[Event "6th ch-EURw"]
[Site "Chisinau MDA"]
[Date "2005.06.20"]
[Round "9"]
[White "Cinar Corlulu, N."]
[Black "Foisor, M."]
[Result "1-0"]
[WhiteElo "2037"]
[BlackElo "1930"]
[PlyCount "99"]
[EventDate "2005.06.11"]

1. e4 c5 2. Nf3 e6 3. b3 d5 4. exd5 exd5 5. Bb5+ Bd7 6. Bxd7+ Nxd7 7. O-O Be7
8. Re1 Ngf6 9. Qe2 d4 10. Na3 Nd5 11. c4 Nc7 12. Nb5 Ne6 13. d3 O-O 14. Bd2 a6
15. Na3 Qc7 16. Nc2 Rfe8 17. a3 Nf6 18. b4 b6 19. Rab1 Rab8 20. a4 a5 21. bxa5
bxa5 22. Rb5 Rxb5 23. axb5 Nf4 24. Qf1 Bd6 25. Rxe8+ Nxe8 26. g3 Ng6 27. Qe1
Nf6 28. Bxa5 Qb7 29. Qe2 Qa8 30. Bd2 Qa2 31. Nce1 h5 32. h4 Kf8 33. Kf1 Ng4 34.
Bc1 Qb1 35. Qb2 Qxb2 36. Bxb2 f5 37. Ng2 Ke7 38. Ke2 Kd7 39. Bc1 N4e5 40. Ng5
Be7 41. Nh3 Nf7 42. Nhf4 Nxf4+ 43. Bxf4 g5 44. hxg5 Nxg5 45. Bd2 Ne6 46. Bh6
Ng5 47. Bxg5 Bxg5 48. Kf3 Ke6 49. Nf4+ Bxf4 50. Kxf4 1-0

[Event "6th ch-EURw"]
[Site "Chisinau MDA"]
[Date "2005.06.21"]
[Round "10"]
[White "Cinar Corlulu, N."]
[Black "Meshcheriakova, E."]
[Result "0-1"]
[WhiteElo "2037"]
[BlackElo "2193"]
[PlyCount "62"]
[EventDate "2005.06.11"]

1. e4 c5 2. Nf3 a6 3. c4 d6 4. d4 Bg4 5. Be2 Bxf3 6. Bxf3 Nc6 7. d5 Nd4 8. Be3
Nxf3+ 9. Qxf3 g6 10. Nc3 Bg7 11. O-O Nf6 12. Rad1 Nd7 13. Qe2 Rb8 14. f4 Qa5
15. Bd2 Qb4 16. Rf3 Qxb2 17. e5 dxe5 18. f5 Qb6 19. Rdf1 O-O 20. Rh3 Rfe8 21.
Ne4 Nf6 22. fxg6 hxg6 23. Ng5 Qb2 24. Kh1 Red8 25. Rc3 b5 26. Qe1 bxc4 27. Bc1
Qb4 28. Qxe5 Nxd5 29. Qxg7+ Kxg7 30. Rxf7+ Kg8 31. Rcf3 Nf6 0-1

[Event "6th ch-EURw"]
[Site "Chisinau MDA"]
[Date "2005.06.22"]
[Round "11"]
[White "Butuc, M."]
[Black "Cinar Corlulu, N."]
[Result "1/2-1/2"]
[WhiteElo "2147"]
[BlackElo "2037"]
[PlyCount "83"]
[EventDate "2005.06.11"]

1. e4 c5 2. Nc3 d6 3. f4 Nc6 4. g3 g6 5. Bg2 Bg7 6. d3 e6 7. Nf3 Nge7 8. O-O
O-O 9. Ne2 b6 10. c3 Ba6 11. Be3 Rc8 12. Qd2 d5 13. e5 Nf5 14. Bf2 h5 15. h3
Qd7 16. g4 hxg4 17. hxg4 Nh6 18. Bh3 Rfe8 19. Kg2 Ne7 20. Ng3 Kf8 21. Rh1 Nc6
22. g5 Nf5 23. Bxf5 exf5 24. d4 Nd8 25. Rad1 Bb7 26. Be3 Ne6 27. Qd3 Rc7 28.
Nh4 cxd4 29. cxd4 Qa4 30. Rc1 Rec8 31. Rxc7 Rxc7 32. Nhxf5 Qc2+ 33. Qxc2 Rxc2+
34. Kf3 gxf5 35. Nxf5 Rxb2 36. Nd6 Ba6 37. f5 Rxa2 38. fxe6 fxe6 39. Rc1 Ra3
40. Kf2 Ra2+ 41. Kf3 Ra3 42. Kf2 1/2-1/2

[Event "6th ch-EURw"]
[Site "Chisinau MDA"]
[Date "2005.06.23"]
[Round "12"]
[White "Cinar Corlulu, N."]
[Black "Seps, M."]
[Result "0-1"]
[WhiteElo "2037"]
[BlackElo "2116"]
[PlyCount "66"]
[EventDate "2005.06.11"]

1. e4 c5 2. Nf3 d6 3. d4 cxd4 4. Nxd4 Nf6 5. Nc3 a6 6. Be2 e5 7. Nb3 Be7 8. O-O
O-O 9. Kh1 b6 10. a4 Bb7 11. f3 Nc6 12. Bg5 Nb4 13. Nb1 a5 14. c3 Na6 15. c4
Nd7 16. Bxe7 Qxe7 17. Nc3 Nac5 18. Nb5 Nxb3 19. Qxb3 Nc5 20. Qc2 Bc6 21. Nc3
Rac8 22. Rfd1 Qg5 23. Bf1 f5 24. exf5 Rxf5 25. Bd3 Rxf3 26. Bxh7+ Kh8 27. Nd5
Bxd5 28. cxd5 Rf6 29. Bd3 Rcf8 30. Rg1 Rf2 31. Qc3 R8f6 32. Bc2 Rh6 33. Rad1
Rxc2 0-1